ბათუმის შოთა რუსთაველის სახელმწიფო უნივერსიტეტის ბიბლიოთეკა

საჯარო ფინანსები : (ბიბ.ჩანაწერი № 36708)

000 -ლიდერი
ფიქსირებული სიგრძის საკონტროლო ველი 01156nam a2200253Ia 4500
001 - საკონტროლო ნომერი
საკონტროლო ველი 2638
003 - საკონტროლო ნომრის იდენტიფიკატორი
საკონტროლო ველი GE_BSU
005 - ბოლო ოპერაციის თარიღი და დრო
საკონტროლო ველი 20230915160345.0
008 - ფიქსირებული სიგრძის მონაცემთა ელემენტები - ზოგადი ინფორმაცია
ფიქსირებული სიგრძის საკონტროლო ველი 181216s2009||||ge |||||||||||||| ||geo||
020 ## - წიგნის საერთაშორისო სტანდარტული ნომერი
International Standard Book Number 9789941018374
040 ## - კატალოგიზაციის წყარო
Transcribing agency GE_BSU
041 ## - ენის კოდი
Language code of text/sound track or separate title geo
080 ## - უნივერსალური ათობითი კლასიფიკაციის ინდექსი
Universal Decimal Classification number 336.1/5(075.8) ჯ–41
100 ## - მთავარი ჩანაწერი - პიროვნების სახელი
Personal name ჯიბუტი, ამირან
9 (RLIN) 911
245 ## - ცნობა სათაურის შესახებ
Title საჯარო ფინანსები :
Remainder of title (სახელმძრვანელო) /
Statement of responsibility, etc ამირან ჯიბუტი, რევაზ კაკულია, ლელა ბახტაძე; [რედ. ელგუჯა მექვაბიშვილი]; თსუ.
264 ## - წარმოების, გამოცემის, დისტრიბუციის და სხვა ცნობები
გამოცემის, წარმოების, დისტრიბუციის... ადგილი თბილისი,
გამოცემის, წარმოების, დისტრიბუციის... თარიღი 2009.
300 ## - ფიზიკური აღწერა
Extent 417 გვ.:
Other physical details სქ., ცხრ.;
Dimensions 20 სმ.
653 ## - INDEX TERM--UNCONTROLLED
Uncontrolled term საჯარო ფინანსები
700 ## - ADDED ENTRY--PERSONAL NAME
Personal name კაკულია, რევაზ
Relator term ავტორი
9 (RLIN) 751
700 ## - ADDED ENTRY--PERSONAL NAME
Personal name ბახტაძე, ლელა
Relator term ავტორი
9 (RLIN) 19828
700 ## - ADDED ENTRY--PERSONAL NAME
Personal name მექვაბიშვილი, ელგუჯა
Relator term რედაქტორი
9 (RLIN) 19829
710 ## - ADDED ENTRY--CORPORATE NAME
Corporate name or jurisdiction name as entry element თსუ.
9 (RLIN) 19830
942 ## - ADDED ENTRY ELEMENTS (KOHA)
Koha item type წიგნი
Source of classification or shelving scheme
ეგზემპლარები
ჩამოწერის სტატუსი დაკარგული ეგზემპლარის სტატუსი კლასიფიკაციის წყარო ან თაროზე გაწყობის სქემა დაზიანების სტატუსი არ გაიცემა მუდმივი მდებარეობა (დაცვის ადგილი) ამჟამინდელი ადგილსამყოფელი თაროზე განთავსების ადგილი შეძენის თარიღი ღირებულება, შესყიდვის ნორმალური ფასი სრული შენახვის შიფრი შტრიხკოდი ბოლო ოპერაციის თარიღი ეგზემპლარის მიმდევრობითი ნომერი (კეტერი?) ფასის ძალაში შესვლის თარიღი ეგზემპლარის სახეობა საჯარო შენიშვნა
          ბათუმის შოთა რუსთაველის სახელმწიფო უნივერსიტეტის მთავარი ბიბლიოთეკა ბათუმის შოთა რუსთაველის სახელმწიფო უნივერსიტეტის მთავარი ბიბლიოთეკა წიგნსაცავი 2018-12-17 15.00 336.1/5(075.8) ჯ–41 1081 2018-12-17 1081 2018-12-17 წიგნი 15 ₾.